00465nam a2200157Ia 45000010006000000050017000060080041000230410008000640820015000721000032000872450135001192600009002543000028002636500008002916540008002991871720260306171651.0260306s9999||||xx |||||||||||||| ||und|| aESP a658.5bC35 aCastro García, ElenaeAUT 0aOptimización de la cadena logística:bgestión de operaciones, costes, imprevistos e incidencias, y sistemas de información c2016 a279 páginas :c24 cm. aGEN aCAN